| 000 | 00887nam0a22002651 4500 | ||
|---|---|---|---|
| 001 | rc\2639810 | ||
| 005 | 20250529185441.0 | ||
| 035 | _a(NLR Aleph) 006947829 | ||
| 090 |
_a5217102 _c5217102 |
||
| 100 | _a20110603d1928 |||y0rusy50 ca | ||
| 101 | 0 | _arus | |
| 102 | _aRU | ||
| 105 | _ay j ||||| | ||
| 200 | 1 | _aЗаметки по сравнительной грамматике тюркских языков: (По лекциям проф. Н.И. Ашмарина) | |
| 210 |
_aКазань _cБ. и. _d1928 |
||
| 215 |
_a104 с. _d21 см |
||
| 300 | _aНаписано от руки | ||
| 300 | _aЛитогр. | ||
| 700 | 1 |
_4070 _7ca _8rus _aАшмарин _bН. И. _f1870-1933 _gНиколай Иванович _92647793 _3RU\NLR\AUTH\770275826 |
|
| 801 | 0 |
_aRU _bNLR _gpsbo |
|
| 801 | 1 |
_aRU _bELAR _2rusmarc |
|
| 852 |
_aNLR _j83-5/5284 |
||
| 942 | _cBOOK | ||
| 980 | _aNB | ||